000 00512nam a22001817a 4500
005 20251021140933.0
008 251021b |||||||| |||| 00| 0 eng d
037 _cTB
040 _aCRL
_cCRL
041 _2ENG
_aENG
084 _bCRL
100 _aChesterton, G. K.
_9848963
245 _aCharles Dickens
260 _aLondon, UK:
_bMethuen & co. Ltd.,
_c1917.
300 _a224p.
942 _2CC
_cTB
_n0
999 _c1464914
_d1464914